| 000 -CABECERA |
| campo de control de longitud fija |
00658nam a22001817a 4500 |
| 005 - FECHA Y HORA DE LA ÚLTIMA TRANSACCIÓN |
| campo de control |
20220315135806.0 |
| 008 - DATOS DE LONGITUD FIJA--INFORMACIÓN GENERAL |
| campo de control de longitud fija |
220312b ||||| |||| 00| 0 eng d |
| 040 ## - FUENTE DE LA CATALOGACIÓN |
| Centro/agencia transcriptor |
CAAAP |
| 041 ## - CÓDIGO DE LENGUA |
| Código de lengua del texto/banda sonora o título independiente |
spa |
| 050 #4 - SIGNATURA TOPOGRÁFICA DE LA BIBLIOTECA DEL CONGRESO |
| Número de clasificación |
SD397.B6 |
| Número de documento/Ítem |
P87 |
| 110 2# - ENTRADA PRINCIPAL--NOMBRE DE ENTIDAD CORPORATIVA |
| 9 (RLIN) |
5018 |
| Nombre de entidad corporativa o nombre de jurisdicción como elemento de entrada |
Proyecto de Capacitación, Extensión y Divulgación Forestal (Pucallpa) |
| 245 10 - MENCIÓN DE TÍTULO |
| Título |
Silvicultura de la Bolaina Blanca / |
| Subtitulo |
Proyecto de Capacitación Extensión y Divulgación Forestal |
| 260 ## - PUBLICACIÓN, DISTRIBUCIÓN, ETC. |
| Lugar de publicación, distribución, etc. |
Pucallpa: |
| Nombre del editor, distribuidor, etc. |
El Proyecto, |
| Fecha de publicación, distribución, etc. |
1991 |
| 300 ## - DESCRIPCIÓN FÍSICA |
| Extensión |
70 p.: |
| Otras características físicas |
il.; |
| Dimensiones |
29 cm. |
| 650 #0 - PUNTO DE ACCESO ADICIONAL DE MATERIA--TÉRMINO DE MATERIA |
| 9 (RLIN) |
4817 |
| Término de materia o nombre geográfico como elemento de entrada |
Árboles |
| Subdivisión geográfica |
Amazonía |
| -- |
Perú |
| Subdivisión general |
Cultivo |
| 710 2# - ENTRADA SECUNDARIA -- AUTOR CORPORATIVO |
| 9 (RLIN) |
5020 |
| Nombre de entidad corporativa o nombre de jurisdicción como elemento de entrada |
Cooperación Técnica del Gobierno Suizo |
| 942 ## - ELEMENTOS PERSONALIZADOS KOHA |
| Fuente del sistema de clasificación o colocación |
|
| Fecha de catalogación |
DD - MM - AA |
| Tipo de ítem Koha |
Libros |